Descripción del Monasterio y Palacio de San Lorenzo, Casa del Príncipe y demás notable que encierra bajo el aspecto histórico, literario y artístico el Real Sitio del Escorial, para uso de los viageros [sic] y curiosos que le visiten. (Record no. 48565)

MARC details
000 -LEADER
campo de control de longitud fija 01192nam a2200241 i 4500
001 - NÚMERO DE CONTROL
campo de control 48565
003 - IDENTIFICADOR DE NÚMERO DE CONTROL
campo de control ES-MaACL
005 - FECHA Y HORA DE LA ÚLTIMA TRANSACCIÓN
campo de control 20240419150422.0
007 - CAMPO FIJO DE DESCRIPCIÓN FÍSICA--INFORMACIÓN GENERAL
campo de control de longitud fija t|
008 - DATOS DE LONGITUD FIJA--INFORMACIÓN GENERAL
campo de control de longitud fija 940301s1843 sp ||||1| spa d
100 0# - ENTRADA PRINCIPAL--NOMBRE DE PERSONA
Nombre de persona Álvarez Martínez, Fernando,
Fechas asociadas al nombre 1814-1883
9 (RLIN) 20632
245 10 - MENCIÓN DEL TÍTULO
Título Descripción del Monasterio y Palacio de San Lorenzo, Casa del Príncipe y demás notable que encierra bajo el aspecto histórico, literario y artístico el Real Sitio del Escorial, para uso de los viageros [sic] y curiosos que le visiten.
260 ## - PUBLICACIÓN, DISTRIBUCIÓN, ETC.
Lugar de publicación, distribución, etc. Madrid :
Nombre del editor, distribuidor, etc. [s.n.],
Fecha de publicación, distribución, etc. 1843 (
Fabricante Imp. de D. Vicente de Lalama)
300 ## - DESCRIPCIÓN FÍSICA
Extensión 322 p. ;
Dimensiones 16 cm.
530 ## - NOTA DISPONIBLE DE FORMULARIO FÍSICO ADICIONAL
Nota de formato físico adicional disponible Disponible en formato digital.
594 ## - Nota al título y mención de responsabilidad
Nota al título y mención de responsabilidad Autor tomado de Palau, 70932: Fernando Álvarez.
610 2# - PUNTO DE ACCESO ADICIONAL DE MATERIA--NOMBRE DE ENTIDAD CORPORATIVA
Nombre de entidad corporativa o nombre de jurisdicción como elemento de entrada Monasterio de El Escorial.
9 (RLIN) 5729
651 #7 - PUNTO DE ACCESO ADICIONAL DE MATERIA--NOMBRE GEOGRÁFICO
Nombre geográfico Monasterio de El Escorial
Subdivisión general Edificios, estructuras, etc.
Fuente del encabezamiento o término
9 (RLIN) 144603
852 ## - LOCALIZACIÓN
Ubicación ES-MaACL
Número de control de estantería G-10582
856 ## - LOCALIZACIÓN Y ACCESO ELECTRÓNICOS
Identificador Uniforme de Recursos <a href="https://bibliotecavirtualmadrid.comunidad.madrid/bvmadrid_publicacion/es/consulta/registro.do?id=295">https://bibliotecavirtualmadrid.comunidad.madrid/bvmadrid_publicacion/es/consulta/registro.do?id=295</a>
Nota pública Biblioteca Digital de la Comunidad de Madrid
856 ## - LOCALIZACIÓN Y ACCESO ELECTRÓNICOS
Identificador Uniforme de Recursos <a href="http://ddd.uab.cat/record/73682 ">http://ddd.uab.cat/record/73682 </a>
Nota pública Dipòsit Digital de Documents de la UAB
Holdings
Estatus retirado Estado de pérdida Estado de daño No para préstamo Colección Biblioteca de origen Biblioteca actual Ubicación en estantería Fecha de adquisición Fuente de adquisición Total de préstamos Signatura topográfica completa Código de barras Visto por última vez Precio de reemplazo Tipo de ítem Koha
        Colección digital Biblioteca del Ateneo de Madrid Biblioteca del Ateneo de Madrid Sala Pecera Planta 3 17/01/2008     G-10582 1051109 23/02/2023 23/02/2023 Libro impreso antiguo